000 01494nam a2200193 a 4500
008 161215t1997 ag ||||g |||| 00| h spa d
020 _a9500303302
092 _c812
_l10
_sCAS
100 1 _aCasona, Alejandro
_93267
245 _aProhibido suicidarse en primavera.
_bComedia en tres actos /
_cAlejandro Casona
250 _a19a ed.
260 _aBuenos Aires:
_bLosada;
_c1997.
300 _a85 p.
500 _aCasona, A. (1997). Prohibido suicidarse en primavera. Comedia en tres actos. (19a ed.). Buenos Aires : Losada.
505 _aAlejandro Casona -cuyo nombre era Alejandro Rodríguez Álvarez- nació en 1903 en Besullo (Oviedo), estudió arte escénico en el Conservatorio de Murcia, y Filosofía y Letras en Madrid. La sirena varada, su primera comedia, ganó el Premio Lope de Vega en 1943 y fue representada en el Español de Madrid por Margarita Xirgu. Luego de recorrer en misión artística varios países de América, Casona se radicó en Argentina, donde escribió sus obras mas conocidas. Habiendo regresado a España, falleció en 1965. Nueve piezas de Alejando Casona han sido reunidas por la Editorial Losada en tres volúmenes de su colección Gran Teatro del Mundo; varias de ellas igualmente famosas (La dama del alba, Nuestra Natacha, Los árboles mueren de pie, La serena varada y otras) se han editado también en esta Biblioteca Clásica y Contemporánea.
590 _aProyecto 4to libro. Donación Camila Ledesma
655 _aTeatro
_93268
942 _2ddc
_cLIT
999 _c2433
_d2433